000 00451nam a2200181Ia 4500
001 24418
005 20260414151042.0
008 260414t2016||||xx |||||||||||||| ||spa||
041 _aESP
082 _a345.7
_bH56C T. 1
100 _aHinostroza Minguez, Alberto
_eAUT
245 0 _aComentarios al código procesal civil
_b
260 _c2016
300 _a1037 páginas :
_c25 cm.
650 _aDER
654 _aCDE
942 _cLIB
_dJUS
_fJUS
_2ddc
_n
999 _c24418
_d24418